| 000 | 00867nam a2200229 a 4500 | ||
|---|---|---|---|
| 005 | 20140311163043.0 | ||
| 008 | 120903s19uu xx 00 eng d | ||
| 020 | _a9789710111633 | ||
| 050 |
_aKPM 1280 _b.V55 2010 |
||
| 100 | _aVillanueva, Elvin B. | ||
| 245 |
_aGuide on wage order and minimum wage / _cElvin B. Villanueva ; with foreword by Ernesto F. Herrera. |
||
| 250 | _a1st ed. | ||
| 260 |
_aQuezon City, Philippines : _bCentral Book Supply, _c2010. |
||
| 300 |
_axviii, 115 p. : _bill. ; _c23 cm. |
||
| 440 | _aEBV HR guide series | ||
| 500 | _a"With discussion on, Wage Order no. NCR-15/Php22.00 additional wage increase for NCR." Includes bibliographical references. | ||
| 521 | _aBSBA | ||
| 650 |
_aWages _xLaw and legislation _xPhilippines |
||
| 650 |
_aMinimum wage _xLaw and legislation _xPhilippines |
||
| 942 |
_cBK _2lcc _kLOC |
||
| 999 |
_c39773 _d39773 |
||